|
|
|
|
| LEADER |
00000nam2a2200000 4500 |
| 001 |
252687 |
| 005 |
20231101232756.0 |
| 020 |
|
|
|a RU
|b 89-53964ж
|
| 035 |
|
|
|a (RuTPU)RU\TPU\book\275037
|
| 035 |
|
|
|a RU\TPU\book\227638
|
| 090 |
|
|
|a 252687
|
| 100 |
|
|
|a 20140305d1989 k y0rusy5003 ca
|
| 101 |
0 |
|
|a rus
|
| 102 |
|
|
|a RU
|
| 105 |
|
|
|a a z 000zy
|
| 200 |
0 |
|
|a Вып. 25
|
| 210 |
|
|
|d 1989
|
| 215 |
|
|
|a 208 с.
|c ил.
|
| 461 |
|
1 |
|0 (RuTPU)RU\TPU\book\233225
|t Вычислительная техника социалистических стран
|o сборник статей
|f Межправительственная комиссия по сотрудничеству социалистических стран в области вычислительной техники ; под ред. Ю. В. Терехова
|v Вып. 25
|d 1977-1990
|
| 606 |
1 |
|
|a Вычислительная техника
|x За рубежом
|2 stltpush
|3 (RuTPU)RU\TPU\subj\4040
|9 32356
|
| 610 |
1 |
|
|a социалистические страны
|
| 610 |
1 |
|
|a международное сотрудничество
|
| 610 |
1 |
|
|a технические средства
|
| 610 |
1 |
|
|a программное обеспечение
|
| 610 |
1 |
|
|a применение
|
| 610 |
1 |
|
|a эксплуатация
|
| 610 |
1 |
|
|a обслуживание
|
| 610 |
1 |
|
|a программные средства
|
| 610 |
1 |
|
|a кадры
|
| 610 |
1 |
|
|a информатика
|
| 675 |
|
|
|a 681.3(1-87)
|v 3
|
| 801 |
|
0 |
|a RU
|b RuMRKP
|c 19950417
|g psbo
|
| 801 |
|
1 |
|a RU
|b 63413507
|c 20120203
|
| 801 |
|
2 |
|a RU
|b 63413507
|c 20170217
|g RCR
|
| 942 |
|
|
|c BK
|